| 000 | 00717nam a2200205Ia 4500 | ||
|---|---|---|---|
| 005 | 20150513104734.0 | ||
| 010 | _aBAC-CH25 | ||
| 020 |
_a9780753720868 _c350.00 |
||
| 035 | _aB-563819-835 | ||
| 035 | _aG-003622 | ||
| 037 |
_bTechniz/vender _adpl |
||
| 037 | _aReceived from DB Act Children Books | ||
| 082 | _a032.02 | ||
| 245 | _aTell Me What? / | ||
| 260 |
_c2013 _aLondon _bChancellor Press (imprint of Octopus Publishing Group) |
||
| 270 |
_a189 Shaftesbury Avenue _bLondon _eWC2H 8JY |
||
| 300 |
_a207p.: _bcol.ill. _c22cm(pbk) |
||
| 942 |
_cCH _2ddc _h032.02 _mTEL |
||
| 999 |
_c86234 _d86234 |
||